MARC

LEADER 00000nam0a2200000 4500
001 211224
005 20231101225652.0
035 |a (RuTPU)RU\TPU\book\230713 
090 |a 211224 
100 |a 20120311d1965 k y0rusy50 ca 
101 0 |a rus 
102 |a RU 
105 |a a z 001zy 
200 1 |a Электрические машины (исследования, вопросы теории и расчета)  |f Академия наук СССР (АН СССР); Институт электромеханики Государственного комитета по электротехнике при Госплане СССР; под ред. Я. Б. Данилевича 
210 |a Москва  |a Ленинград  |c Наука  |d 1965 
215 |a 302 с.  |c ил. 
320 |a Библиография в конце глав. 
610 1 |a электрические машины 
610 1 |a исследования 
610 1 |a теория 
610 1 |a расчет 
610 1 |a турбогенераторы 
610 1 |a характеристики 
610 1 |a магнитные поля 
610 1 |a электромагнитные процессы 
610 1 |a синхронные двигатели 
675 |a 621.313  |v 3 
702 1 |a Данилевич  |b Я. Б.  |4 340 
712 0 2 |a Академия наук СССР (АН СССР)  |2 stltpush  |3 (RuTPU)RU\TPU\col\722 
712 0 2 |a Институт электромеханики Государственного комитета по электротехнике при Госплане СССР  |2 stltpush  |3 (RuTPU)RU\TPU\col\17871  |9 26823 
801 1 |a RU  |b 63413507  |c 20120311 
801 2 |a RU  |b 63413507  |c 20120320  |g RCR 
942 |c BK